| 000 | 00868nam a2200229 a 4500 | ||
|---|---|---|---|
| 001 | 000021359 | ||
| 005 | 20200930011316.0 | ||
| 008 | 100906s1968 ck r 000 0 spa d | ||
| 040 |
_aDO-SdBNP _bspa _cBNPHU |
||
| 041 | 1 | 7 |
_aspa _hita _2Código de idioma MARC |
| 082 |
_annnn _bG338r |
||
| 100 | 1 |
_aGentiloni Silveri, Filippo, _944593 |
|
| 240 | 1 | 3 |
_aLe ragioni dei figli. _lEspañol. |
| 245 | 1 | 4 |
_aLas razones de los hijos : _bdel autoritarismo al diálogo / _cFilippo Gentiloni Silveri ; traducción de Alfonso Rodríguez M. |
| 260 |
_aBogotá, Colombia : _bPaulinas, _c1968. |
||
| 300 |
_a62, [1] p. ; _c17 cm. |
||
| 490 | 1 |
_aBiblioteca de familia 2a serie _vE-52 |
|
| 534 |
_pTítulo original en italiano: _tLe ragioni dei figli. _cRoma |
||
| 700 | 1 |
_aRodríguez M., Alfonso, _tr. _944594 |
|
| 830 | 0 |
_aBiblioteca de familia 2a serie ; _vE-52 _944595 |
|
| 049 | _aBNGR | ||
| 999 |
_c20859 _d20859 |
||